South Eastern Kenya University

Library Online Public Access Catalogue


The Renaissance : (Record no. 13261)

MARC details
000 -LEADER
fixed length control field 01032cam a2200325 a 4500
001 - CONTROL NUMBER
control field 1185284
003 - CONTROL NUMBER IDENTIFIER
control field OSt
005 - DATE AND TIME OF LATEST TRANSACTION
control field 20160504123902.0
008 - FIXED-LENGTH DATA ELEMENTS--GENERAL INFORMATION
fixed length control field 790314s1953 nyub b 001 0 eng d
010 ## - LIBRARY OF CONGRESS CONTROL NUMBER
LC control number 35010016
035 ## - SYSTEM CONTROL NUMBER
System control number (OCoLC)ocm04742813
035 ## - SYSTEM CONTROL NUMBER
System control number (NNC)1185284
040 ## - CATALOGING SOURCE
Original cataloging agency SEKU
050 ## - LIBRARY OF CONGRESS CALL NUMBER
Classification number CB 53
Item number .D8
100 1# - MAIN ENTRY--PERSONAL NAME
Personal name Durant, Will,
Dates associated with a name 1885-1981.
245 14 - TITLE STATEMENT
Title The Renaissance :
Remainder of title a history of civilization in Italy from 1304-1576 A.D. /
Statement of responsibility, etc. by Will Durant.
260 ## - PUBLICATION, DISTRIBUTION, ETC. (IMPRINT)
Place of publication, distribution, etc. New York :
Name of publisher, distributor, etc. Simon and Schuster,
Date of publication, distribution, etc. 1953.
300 ## - PHYSICAL DESCRIPTION
Extent 776 p., [16] leaves of plates :
Other physical details maps on lining papers.
490 1# - SERIES STATEMENT
Series statement The story of civilization :
Volume/sequential designation pt. 5
504 ## - BIBLIOGRAPHY, ETC. NOTE
Bibliography, etc Bibliography: p. 729-734.
650 #0 - SUBJECT ADDED ENTRY--TOPICAL TERM
Topical term or geographic name as entry element Renaissance
Geographic subdivision Italy.
650 #0 - SUBJECT ADDED ENTRY--TOPICAL TERM
Topical term or geographic name as entry element Renaissance.
651 #0 - SUBJECT ADDED ENTRY--GEOGRAPHIC NAME
Geographic name Europe
General subdivision Civilization.
651 #0 - SUBJECT ADDED ENTRY--GEOGRAPHIC NAME
Geographic name Italy
General subdivision Civilization.
651 #0 - SUBJECT ADDED ENTRY--GEOGRAPHIC NAME
Geographic name Italy
General subdivision History
Chronological subdivision 1268-1492.
651 #0 - SUBJECT ADDED ENTRY--GEOGRAPHIC NAME
Geographic name Italy
General subdivision History
Chronological subdivision 1492-1559.
800 1# - SERIES ADDED ENTRY--PERSONAL NAME
Personal name Durant, Will,
Dates associated with a name 1885-1981.
Title of a work Story of civilization ;
Volume/sequential designation pt. 5.
942 ## - ADDED ENTRY ELEMENTS (KOHA)
Source of classification or shelving scheme Library of Congress Classification
Koha item type General circulation
Holdings
Withdrawn status Lost status Source of classification or shelving scheme Damaged status Not for loan Home library Current library Shelving location Date acquired Source of acquisition Total Checkouts Full call number Barcode Date last seen Price effective from Koha item type Public note
    Library of Congress Classification     Main Campus Library Main Campus Library General Stacks 05/05/2016 Donation - Books for Africa   CB 53 .D8 2016/017403 05/05/2016 05/05/2016 General circulation JCL
Kitui, Kenya.
+254736116989
library@seku.ac.ke